LEADER 00956nam0-22003131i-450- 001 990001837640403321 005 20021010 035 $a000183764 035 $aFED01000183764 035 $a(Aleph)000183764FED01 035 $a000183764 100 $a20021010d--------km-y0itay50------ba 101 0 $aita 200 1 $aComposizione chimica e mineralizzazione delle acque potabili vesuviane$fEugenio Casoria. 210 $aFirenze$c...$d1887. 215 $a11 p.$d23 cm 300 $aEstr. da: L' Idrologia e la climatologia medica, 9(3),1887. 610 0 $aAcque potabili 676 $a546.22 700 1$aCasoria,$bEugenio$0331811 801 0$aIT$bUNINA$gRICA$2UNIMARC 901 $aBK 912 $a990001837640403321 952 $a60 DONO COMES 23/11$b$fFAGBC 952 $a60 MISC. A 50/7$b$fFAGBC 959 $aFAGBC 996 $aComposizione chimica e mineralizzazione delle acque potabili vesuviane$9414506 997 $aUNINA DB $aING01 LEADER 01104nam--2200349---450 001 990003473150203316 005 20220117111540.0 010 $a88-17-01493-1 035 $a000347315 035 $aUSA01000347315 035 $a(ALEPH)000347315USA01 035 $a000347315 100 $a20101130d2007----km-y0itay50------ba 101 $aita 102 $aIT 105 $a||||||||001yy 200 1 $aAli di piombo$e[il 1977, trent'anni dopo. Lotte di piazza e vittime innocenti. Le radio libere, la piaga dell'eroina, il terrorismo. La cronaca, i documenti, le testimonianze]$fConcetto Vecchio 210 $aMilano$cBUR$d2007 215 $a281 p.$d20 cm 225 2 $aBUR$iFuturopassato 300 $aComplemento del titolo in copertina 410 0$12001$aBUR$iFuturopassato 600 1$aTerrorismo$yItalia$z1977$2BNCF 676 $a322.420945 700 1$aVECCHIO,$bConcetto$0609094 801 0$aIT$bsalbc$gISBD 912 $a990003473150203316 951 $aX.3.B. 5927$b229129 L.M.$cX.3.B.$d00284602 959 $aBK 969 $aUMA 996 $aAli di piombo$91112332 997 $aUNISA LEADER 01712oam 2200481 450 001 9910713937103321 005 20201214091053.0 035 $a(CKB)5470000002506293 035 $a(OCoLC)1200747384$z(OCoLC)1206183780 035 $a(EXLCZ)995470000002506293 100 $a20201019d1983 ua 0 101 0 $aeng 135 $aurbn||||||||| 181 $ctxt$2rdacontent 182 $cc$2rdamedia 183 $acr$2rdacarrier 200 00$aAlleged use of stand-ins for welder qualification tests 210 1$aWashington, D.C. :$cUnited States Nuclear Regulatory Commission, Office of Inspection and Enforcement,$d1983. 215 $a1 online resource 225 1 $aInformation notice ;$vno. 83-61 300 $a"September 26, 1983." 606 $aWelders (Persons)$zUnited States 606 $aVocational qualifications$zUnited States 606 $aNuclear power plants$zUnited States$xDesign and construction 606 $aNuclear power plants$xDesign and construction$2fast 606 $aVocational qualifications$2fast 606 $aWelders (Persons)$2fast 607 $aUnited States$2fast 615 0$aWelders (Persons) 615 0$aVocational qualifications 615 0$aNuclear power plants$xDesign and construction. 615 7$aNuclear power plants$xDesign and construction. 615 7$aVocational qualifications. 615 7$aWelders (Persons) 712 02$aU.S. Nuclear Regulatory Commission.$bOffice of Inspection and Enforcement, 801 0$bGPO 801 1$bGPO 801 2$bOCLCF 801 2$bGPO 906 $aBOOK 912 $a9910713937103321 996 $aAlleged use of stand-ins for welder qualification tests$93349465 997 $aUNINA LEADER 01336nam2 2200289 i 450 001 VAN0056654 005 20070510120000.0 010 $a88-06-15290-4 100 $a20061128d2001 |0itac50 ba 101 $aita 102 $aIT 105 $a|||| ||||| 200 1 $aˆ1: La ‰cultura del romanzo$fa cura di Franco Moretti 210 $aTorino$cEinaudi$d[2001] 215 $aXVIII, 919 p., [16] c. di tav.$cill.$d22 cm. 461 1$1001VAN0056668$12001 $aˆIl ‰romanzo$fa cura di Franco Moretti$1210 $aTorino$cG. Einaudi$1215 $av.$d22 cm.$v1 620 $dTorino$3VANL000001 702 1$aMoretti$bFranco$3VANV044978 712 $aEinaudi $3VANV107903$4650 801 $aIT$bSOL$c20240223$gRICA 899 $aBIBLIOTECA DEL DIPARTIMENTO DI LETTERE E BENI CULTURALI$1IT-CE0103$2VAN07 899 $aBIBLIOTECA DEL DIPARTIMENTO DI ARCHITETTURA E DISEGNO INDUSTRIALE$1IT-CE0107$2VAN01 912 $aVAN0056654 950 $aBIBLIOTECA DEL DIPARTIMENTO DI LETTERE E BENI CULTURALI$d07CONS Zd 1506 1 $e07UBL396 20151230 950 $aBIBLIOTECA DEL DIPARTIMENTO DI ARCHITETTURA E DISEGNO INDUSTRIALE$d01PREST IVCb34(1) $e01 48637 20070212 996 $aCultura del romanzo$9511282 997 $aUNICAMPANIA LEADER 01185nam0 2200289 i 450 001 VAN0109054 005 20230628123621.320 010 $a978-14-939275-1-7 100 $a20170508d2015 |0itac50 ba 101 $aeng 102 $aUS 105 $a|||| ||||| 200 1 $aSilicon Analog Components$eDevice Design, Process Integration, Characterization, and Reliability$fBadih El-Kareh, Lou N. Hutter 210 $aNew York$cSpringer$d2015 215 $aXLI, 607 p.$d24 cm 620 $aUS$dNew York$3VANL000011 700 1$aEl-Kareh$bBadih$3VANV084338$0720566 701 1$aHutter$bLou N.$3VANV084339$0720565 712 $aSpringer $3VANV108073$4650 801 $aIT$bSOL$c20240614$gRICA 856 4 $uhttps://link.springer.com/book/10.1007/978-1-4939-2751-7$zE-book ? Accesso al full-text attraverso riconoscimento IP di Ateneo, proxy e/o Shibboleth 899 $aBIBLIOTECA CENTRO DI SERVIZIO SBA$2VAN15 912 $fN 912 $aVAN0109054 950 $aBIBLIOTECA CENTRO DI SERVIZIO SBA$d15CONS SBA EBOOK 1100 $e15EB 1100 20170508 996 $aSilicon Analog Components$91412197 997 $aUNICAMPANIA